Drake & Josh Characters - Statistics

General Stats
  • This quiz has been taken 672 times
    172 since last reset
  • The average score is 8 of 13
Answer Stats
Actor Answer Character Type % Correct
Drake Bell Drake Parker Main
100%
Josh Peck Josh Nichols Main
100%
Miranda Cosgrove Megan Parker Main
94%
Jerry Trainor Crazy Steve Recurring
78%
Jonathan Goldstein Walter Nichols Main
75%
Yvette Nicole Brown Helen Dubois Recurring
70%
Allison Scagliotti Mindy Crenshaw Recurring
68%
Scott Halberstadt Eric Blonowitz Recurring
65%
Alec Medlock Craig Ramirez Recurring
62%
Nancy Sullivan Audrey Parker-Nichols Main
49%
Jake Farrow Gavin Mitchell Recurring
44%
Julia Duffy Linda/Alice Hayfer Recurring
31%
Roark Critchlow Dr. Jeff Glazer Recurring
12%
No matching quizzes found
Score Distribution
Percent of People with Each Score
Percentile by Number Answered
Your Score History
You have not taken this quiz since the last reset